عرض عادي
عرض مارك
- Titman, Sheridan.
مدخل إسم شخص
001 - رقم الضبط
- حقل الضبط: 18162
003 - معرف رقم الضبط
- حقل الضبط: OSt
005 - تاريخ ووقت أخر عملية
- حقل الضبط: 20121206193028.0
008 - عناصر بيانات ثابتة الطول
- حقل تحكم ثابت الطول: 121206|||a|||||| | ||| d
040 ## - مصدر الفهرسة
- هيئة الفهرسة الأصلية: OSt
- وكالة الكتابة: OSt
100 ## - مدخل -- أسم شخص
- إسم شخص: Titman, Sheridan.
670 ## - بيانات المصدر موجوده
- الاستشهاد بالمصدر: Work cat.: (OSt)0: Grinblatt, Mark. 18159, Financial markets and corporate strategy /, 2012.
